书目信息 |
| 题名: |
中国古代科技成就
|
|
| 作者: | ;自然科学史研究所 主编 | |
| 分册: | ||
| 出版信息: | 北京 中国青年出版社 1978 |
|
| 页数: | 707页 | |
| 开本: | 19cm | |
| 丛书名: | ||
| 单 册: | ||
| 中图分类: | N092 | |
| 科图分类: | ||
| 主题词: | 自然科技史--中国--古代 | |
| 电子资源: | ||
| ISBN: | ||
| 000 | 00622nam0 2200217 45 | |
| 001 | 0178001201 | |
| 005 | 20070801114721.26 | |
| 010 | @dCNY1.60 | |
| 091 | @a13009.242 | |
| 100 | @a19950725d1978 em y0chiy0121 ea | |
| 101 | 0 | @achi |
| 102 | @aCN@b110000 | |
| 105 | @ay z 000yy | |
| 200 | 10 | @a中国古代科技成就@Azhong guo gu dai ke ji cheng jiu@f自然科学史研究所主编 |
| 210 | @a北京@c中国青年出版社@d1978 | |
| 215 | @a707页@d19cm | |
| 606 | @a自然科技史@y中国@z古代 | |
| 690 | @aN092@v3 | |
| 711 | 02 | @a自然科学史研究所@Azi ran ke xue shi yan jiu suo@4主编 |
| 801 | 0 | @aCN@bTSSF@c20070801 |
| 905 | @a10447@dN092@e129 | |
| 中国古代科技成就/自然科学史研究所主编.-北京:中国青年出版社,1978 |
| 707页;19cm |
| ISBN :CNY1.60 |
| ● |
| 相关链接 |
|
|
|
|
正题名:中国古代科技成就
索取号:N092/129
 
预约/预借
| 序号 | 登录号 | 条形码 | 馆藏地/架位号 | 状态 | 备注 |
| 1 | 0439463 | 204394636 | 密集书库/ [索取号:N092/129] | 在馆 | |
| 2 | 0439464 | 204394645 | 密集书库/ [索取号:N092/129] | 在馆 | |
| 3 | 0452249 | 204522490 | 密集书库/ [索取号:N092/129] | 在馆 | |
| 4 | 0790867 | 207908674 | 密集书库/ [索取号:N092/129] | 在馆 |